Normal view
MARC view
Entry Personal Name
001 - CONTROL NUMBER
- control field: 129
003 - CONTROL NUMBER IDENTIFIER
- control field: AR-FvUNAJ
005 - DATE AND TIME OF LATEST TRANSACTION
- control field: 20120721035515.0
008 - FIXED-LENGTH DATA ELEMENTS
- fixed length control field: 120721|| aca||aabn | a|a d
040 ## - CATALOGING SOURCE
- Original cataloging agency: AR-FvUNAJ
- Transcribing agency: AR-FvUNAJ
100 ## - HEADING--PERSONAL NAME
- Personal name: Félez, Jesús
670 ## - SOURCE DATA FOUND
- Source citation: Work cat.: (AR-FvUNAJ): Félez, Jesús, Fundamentos de ingeniería gráfica /, 1996.